[Event "Challenge"]
[Site "http://www.queenalice.com/game.php?id=202009"]
[Date "2007.4.25"]
[Round "-"]
[White "Ciborg"]
[Black "ROLAND"]
[Result "0-1"]
[WhiteElo "922"]
[BlackElo "1500"]

1. Nf3 Nc6 2. e4 Nf6 3. Bc4 Nxe4 4. d3 Nc5 5. Be3 b6 6. Ng5 Na5 7. Bd5 c6 8. Bf3
e6 9. d4 Ncb7 10. Nxh7 Rxh7 11. Nc3 Nc4 12. Rb1 Nxe3 13. fxe3 Qh4+ 14. g3 Qg5
15. Qe2 Qa5 16. Be4 f5 17. Bf3 g6 18. e4 Nd6 19. b4 Qa3 20. Rb3 Qc1+ 21. Nd1 Qa1
22. exf5 Nxf5 23. Be4 Kd8 0-1

[Event "Challenge"]
[Site "http://www.queenalice.com/game.php?id=202010"]
[Date "2007.4.25"]
[Round "-"]
[White "Ciborg"]
[Black "Tenna"]
[Result "0-1"]
[WhiteElo "1006"]
[BlackElo "1827"]

1. e4 c5 2. Nf3 d6 3. Ng5 e5 4. Bc4 Qxg5 5. Rg1 Nc6 6. d3 Qd8 7. g4 g6 8. h4
Qxh4 9. Nc3 Nge7 10. Nb5 Ng8 11. Nxd6+ Bxd6 12. Ke2 Bxg4+ 13. f3 Nd4+ 14. Ke3
Qh6+ 15. Kf2 Qh2+ 16. Kf1 Nxf3 17. Rxg4 Qh3+ 18. Ke2 Qxg4 19. Bd5 O-O-O 20. Bxf7
Nf6 21. Qf1 Nh2+ 22. Kd2 Nxf1+ 0-1

[Event "Let's Play Chess!"]
[Site "http://www.queenalice.com/game.php?id=202058"]
[Date "2007.4.25"]
[Round "-"]
[White "vduran"]
[Black "Ciborg"]
[Result "1-0"]
[WhiteElo "1447"]
[BlackElo "1100"]

1. d4 d5 2. c4 dxc4 3. e3 e6 4. Bxc4 Bb4+ 5. Bd2 Na6 6. Bxb4 Nxb4 7. a3 Nc6 8.
Nf3 Na5 9. Qa4+ Nc6 10. Nc3 Bd7 11. Qc2 Nf6 12. O-O Qe7 13. Nb5 Ng4 14. Nxc7+
Kd8 15. Nxa8 Qd6 16. Nb6 axb6 17. h3 Nh6 18. Bd3 Qb8 19. Qb3 f5 20. Qxb6+ Qc7
21. Qxc7+ Kxc7 22. Rfc1 Kd8 23. Ne5 Na5 24. Rc3 Re8 25. Rac1 b5 26. b4 Nb7 27.
Nxd7 Kxd7 28. Rc7+ Kd8 29. Rxb7 g5 30. Bxb5 Ng8 31. Bxe8 Kxe8 32. Rc8# 1-0

[Event "Challenge"]
[Site "http://www.queenalice.com/game.php?id=202067"]
[Date "2007.4.25"]
[Round "-"]
[White "Ciborg"]
[Black "ulisses34"]
[Result "0-1"]
[WhiteElo "1006"]
[BlackElo "1203"]

1. d4 b5 2. Qd3 a6 3. Qe4 d5 4. Qe5 Nf6 5. Bd2 Nc6 6. Qg5 Ne4 7. Qe3 g6 8. f3
Nd6 9. Nc3 Nb4 10. Kd1 Bf5 11. Rc1 Nc4 12. Qf4 Nxb2+ 13. Ke1 Nxc2+ 14. Rxc2 Bxc2
15. Nh3 c6 16. Ng5 b4 17. Qe5 Rg8 18. Nxh7 f6 19. Qe6 Rh8 20. Qxc6+ Kf7 21. Nxf8
Rxf8 22. Nxd5 Rc8 23. Qxa6 Qxd5 24. Qa3 Qxd4 25. Bxb4 Ra8 26. Ba5 Nd1 27. h4 e6
28. h5 g5 29. Bd2 Qf2# 0-1

[Event "Challenge"]
[Site "http://www.queenalice.com/game.php?id=202073"]
[Date "2007.4.25"]
[Round "-"]
[White "Ciborg"]
[Black "TinyDemons"]
[Result "0-1"]
[WhiteElo "922"]
[BlackElo "1760"]

1. d4 d5 2. e3 Nf6 3. Bb5+ c6 4. Ba4 e6 5. Nf3 Bd6 6. Nbd2 O-O 7. Ng5 h6 8. Nh3
e5 9. Nf3 e4 10. Nd2 b5 11. Bb3 Bxh3 12. gxh3 Qc7 13. Rg1 Bxh2 14. Rg2 Bd6 15.
a4 b4 16. c3 c5 17. dxc5 Bxc5 18. c4 d4 19. exd4 Bxd4 0-1

[Event "Challenge"]
[Site "http://www.queenalice.com/game.php?id=202074"]
[Date "2007.4.25"]
[Round "-"]
[White "Ciborg"]
[Black "paddymalonespub"]
[Result "0-1"]
[WhiteElo "1100"]
[BlackElo "1605"]

1. d4 d5 2. Qd3 Nc6 3. Nc3 Nf6 4. Nh3 e5 5. Ng5 e4 6. Qe3 Nb4 7. Kd2 Ng4 8. Qf4
f6 9. a3 Bd6 10. Nh3 Bxf4+ 11. Nxf4 Nc6 12. Nfxd5 Be6 13. Nf4 Qxd4+ 14. Ke1
Qxf2+ 15. Kd2 O-O-O+ 16. Nd3 exd3 17. Kd1 dxe2# 0-1

[Event "Challenge"]
[Site "http://www.queenalice.com/game.php?id=202079"]
[Date "2007.4.25"]
[Round "-"]
[White "Ciborg"]
[Black "Brill"]
[Result "0-1"]
[WhiteElo "892"]
[BlackElo "1250"]

1. e4 Nf6 2. Ne2 Nxe4 3. Nf4 d5 4. f3 Nc5 5. Nc3 Ncd7 6. Nfxd5 e6 7. Nf4 Ne5 8.
d4 Ng6 9. Nd3 Qxd4 10. Qe2 Na6 11. Be3 Qh4+ 12. Nf2 Qb4 0-1

[Event "AUTO-OPEN-637"]
[Site "http://www.queenalice.com/game.php?id=202156"]
[Date "2007.4.25"]
[Round "1"]
[White "Hapless"]
[Black "Ciborg"]
[Result "1-0"]
[WhiteElo "939"]
[BlackElo "977"]

1. d4 d5 2. c4 dxc4 3. e3 Be6 4. Qc2 Nf6 5. Bxc4 Nc6 6. Bxe6 fxe6 7. Qb3 Na5 8.
Qxe6 Qd5 9. Qxd5 Nxd5 10. Nf3 Rd8 11. O-O Rd6 12. Bd2 Nc4 13. Bc3 h6 14. Nbd2
Rc6 15. Nxc4 Rxc4 16. Rac1 g6 17. Bd2 Ra4 18. a3 Nf6 19. Rxc7 h5 20. Ne5 Ne4 21.
Rc8# 1-0

[Event "AUTO-OPEN-637"]
[Site "http://www.queenalice.com/game.php?id=202157"]
[Date "2007.4.25"]
[Round "1"]
[White "Ciborg"]
[Black "Hapless"]
[Result "0-1"]
[WhiteElo "873"]
[BlackElo "1285"]

1. e4 e6 2. Bc4 d5 3. exd5 exd5 4. Bd3 Bb4 5. Nf3 Nf6 6. c3 Bc5 7. b4 Bb6 8. Ne5
Qe7 9. Qe2 Bg4 10. f3 Bh5 11. Bb5+ c6 12. Ba4 Bc7 13. Nd3 Qxe2+ 14. Kxe2 O-O 15.
Nc5 b6 16. Nd3 Nbd7 17. Bxc6 Rac8 18. Na3 Rfe8+ 19. Kd1 Bd6 20. Nb5 Bb8 21. Ba8
Be5 22. Bb7 Rb8 23. Ba6 Ne4 24. Re1 Bf6 0-1

[Event "AUTO-OPEN-637"]
[Site "http://www.queenalice.com/game.php?id=202180"]
[Date "2007.4.25"]
[Round "1"]
[White "Ciborg"]
[Black "Nakgada"]
[Result "0-1"]
[WhiteElo "873"]
[BlackElo "1537"]

1. Nf3 d5 2. Nc3 e6 3. e3 Nf6 4. Ne5 Nbd7 5. Nf3 Bb4 6. Nb5 O-O 7. Bd3 c5 8. c3
Ba5 9. Ng5 c4 10. Bc2 Ne5 11. d4 cxd3 12. Bxd3 Nxd3+ 13. Qxd3 h6 14. Nf3 a6 15.
Nbd4 Bd7 16. b4 Bc7 17. c4 e5 18. Nb3 e4 19. Qd4 exf3 20. gxf3 Re8 21. Rg1 Be5
22. Qc5 Bxa1 23. Nxa1 Rc8 24. Qd4 Rxc4 25. Qd2 Qb6 26. Nb3 Qxb4 27. e4 dxe4 28.
fxe4 Rexe4+ 29. Kf1 Qxd2 30. Bxd2 Bh3+ 31. Rg2 Bxg2+ 32. Kxg2 Rg4+ 33. Kf3 Ra4
34. Bc1 Rxa2 35. Nc5 Rc2 36. Nd3 a5 37. Ba3 b5 0-1

[Event "AUTO-OPEN-637"]
[Site "http://www.queenalice.com/game.php?id=202181"]
[Date "2007.4.25"]
[Round "1"]
[White "Nakgada"]
[Black "Ciborg"]
[Result "1-0"]
[WhiteElo "1100"]
[BlackElo "1082"]

1. d4 d5 2. e3 Nh6 3. c4 dxc4 4. Bxc4 c6 5. Nf3 Qa5+ 6. Bd2 Qf5 7. Nc3 Qg6 8. g3
Bh3 9. Ne2 Bg2 10. Nf4 Bxh1 11. Nxg6 hxg6 12. Ne5 Nf5 13. Bxf7+ Kd8 14. Bxg6 Nd6
15. h4 Na6 16. Qg4 Ne4 17. Qd7# 1-0

[Event "Challenge"]
[Site "http://www.queenalice.com/game.php?id=202327"]
[Date "2007.4.25"]
[Round "-"]
[White "Ciborg"]
[Black "El_Montes"]
[Result "0-1"]
[WhiteElo "922"]
[BlackElo "1404"]

1. Nf3 e6 2. a4 Nf6 3. Nc3 d5 4. Ra3 Bxa3 5. bxa3 Nc6 6. d3 e5 7. Nh4 Ne7 8. Bb2
O-O 9. Nb5 Nc6 10. e4 d4 11. Qf3 Bg4 12. Qg3 a6 13. Nxc7 Qxc7 14. c3 Qa5 15. Nf5
Rad8 16. Bc1 Qxc3+ 17. Bd2 Qa1+ 18. Bc1 Qxc1# 0-1

[Event "Challenge"]
[Site "http://www.queenalice.com/game.php?id=202328"]
[Date "2007.4.25"]
[Round "-"]
[White "Ciborg"]
[Black "rethiel"]
[Result "0-1"]
[WhiteElo "889"]
[BlackElo "1041"]

1. Nf3 d5 2. e3 f5 3. Bb5+ Nd7 4. b3 Nf6 5. Ng5 c6 6. Bd3 h6 7. Ne6 Qb6 8. Nd4
g5 9. Bxf5 e6 10. Nxe6 Bg7 11. Nxg7+ Kf8 0-1

[Event "Challenge"]
[Site "http://www.queenalice.com/game.php?id=202329"]
[Date "2007.4.25"]
[Round "-"]
[White "Ciborg"]
[Black "jweeks123"]
[Result "0-1"]
[WhiteElo "922"]
[BlackElo "960"]

1. a4 Nc6 2. Ra3 a5 3. g3 Ra6 4. Bh3 d5 5. g4 g5 6. Nf3 Rb6 7. Nxg5 Ne5 8. Re3
Nxg4 9. Bxg4 Bxg4 10. Rg1 Rb4 11. Reg3 Rxa4 12. Rxg4 Ra1 13. Nc3 Rxc1 14. Qxc1
Qd6 15. Rd4 c6 16. Rg3 Qg6 17. Ra4 b6 18. b4 Qh5 19. f3 Qxh2 20. Rg4 Qh1+ 21.
Kf2 Qxc1 22. Rf4 Nh6 23. Ra2 Qxd2 24. Ra3 Qxc2 25. bxa5 bxa5 26. Rxa5 Qxc3 27.
Ra8+ Kd7 28. Ra6 Qe5 29. Nh3 Qe6 30. Rb4 Qxh3 31. Ra7+ Kd6 0-1

[Event "Challenge"]
[Site "http://www.queenalice.com/game.php?id=202560"]
[Date "2007.4.26"]
[Round "-"]
[White "Ciborg"]
[Black "Avelar"]
[Result "0-1"]
[WhiteElo "855"]
[BlackElo "872"]

1. Nf3 b6 2. Na3 Bb7 3. Nd4 h5 4. d3 h4 5. Nf5 h3 6. Nb5 hxg2 7. Bxg2 Bxg2 8.
Rg1 Rxh2 9. Ne3 Bh3 10. Nd4 c5 11. Nf3 Qc7 12. Rg3 Rh1+ 13. Ng1 Be6 14. Kd2 g6
15. Qf1 Bh6 16. Qg2 Rh5 17. Qxa8 Rh1 18. Qxh1 Nf6 19. Qxh6 a5 0-1